| 000 | 02089nam a22002777a 4500 | ||
|---|---|---|---|
| 003 | UA-OsUOA | ||
| 001 | 130654 | ||
| 007 | ta | ||
| 008 | 20180507b un ||||| |||| 00| 0 ukr d | ||
| 090 | _bT-78 | ||
| 942 | _cMGN | ||
| 040 |
_aUA-OsUOA _cUA-OsUOA _dUA-OsUOA |
||
| 245 |
_aTransitare Revista de Turismo, Economia y Negocios _cDirector de la revista cDr. Martin Alberto Rodriguez Brindis |
||
| 955 | _a1 | ||
| 022 | _a2395-9835 | ||
| 856 | 4 | 0 | _uhttp://transitare.anahuacoaxaca.edu.mx/index.php/Transitare/issue/view/7/showToc |
| 520 | 3 | _aTransitare, Revista de Turismo, Economia y Negocios es una publicacion semestral editada por la Coordinacion de Investigacion y la Coordinacion de Publicaciones de la Universidad Anahuac Oaxaca. Transitare tiene como proposito difundir los resultados d | |
| 520 | 3 | _ae investigaciones teoricas y empiricas. Con su lanzamiento, la UAO se propone contribuir de manera activa al impulso cientifico academico de la region y promover la divulgacion de la ciencia en nuestro pais.El nombre Transitare representa el trans | |
| 520 | 3 | _acender, el emprender un viaje para llegar a un estado mejor, conlleva el compromiso de mejora constante, compromiso que refleja la mision y la vision de nuestro cuerpo editorial.Transitare ha logrado integrar un Comite Editorial Cientifico conform | |
| 520 | 3 | _aado por investigadores especialistas en su area y con amplia trayectoria academica, adscritos a instituciones de educacion superior del mas alto prestigio internacional. Estos expertos apoyaran al Comite Editorial de Transitare a asegurar y mantener l | |
| 520 | 3 | _aa calidad cientifica, su difusion y la consiguiente elevacion del impacto de la revista.La revista publica manuscritos originales de investigacion documental, empirica y de casos, asi como resenas de libros. Se consideran para su posible publicaci | |
| 520 | 3 | _aon trabajos terminados escritos en espanol o ingles, que no hayan sido publicados y que no esten siendo sometidos simultaneamente para su publicacion en otro medio. | |
| 260 | _c2017 | ||
| 246 | 3 | 1 |
_a2 _n |
| 650 | 7 | _2UDC | |
| 999 |
_c418822 _d418822 |
||